000 00657nam a2200229Ia 4500
003 OSt
005 20220924132658.0
006 a|||||r|||| 00| 0
007 ta
008 220923b |||||||| |||| 00| 0 san d
024 _a76781
037 _cTextual
040 _aARTS
_cARTS
_bsan
041 _2san
_asan
082 _aR672:5x2:1, 15L2 (P15)
100 _aRamanuja
245 0 _aBrahma sutra sri bhashya ; catussutri with hindi comm 'Rasasvada ' by vaduvur sri ranganathacharya
260 _c1972
650 _aNAYA PHILOSOPHY
_95683
942 _hR672:5x2:1, 15L2 (P15)
_cTEXL
_2CC
999 _c431129
_d431129